000 00622cam a2200181ua 4500
001 6683
008 140308n ii |||gr||||Z||||||eng
040 _cMAIN
082 _a658.3
245 _aPersonnel management and Industrial relations :
_bIts nature and practice in India, applied limb of human resources management /
_cBy Biswanath ghosh .
250 _a5th rev & enl ed.
260 _aCalcutta:
_bThe world press private limited,
_c1993.
300 _axiii,473p.
653 _aGeneral management
653 _aPersonnel management and Industrial relations :
700 _aGhosh,Biswanath,
_eAuthor.
942 _cBK
999 _c5832
_d5832